'A' Shows by Cast Photo Quiz Stats

 Plays Quiz Updated Jun 13, 2015

Challenge
Share
Tweet
Score 0/16 Timer 06:00
0 Plays Today
% Correct
The Addams Family
90.4%
The A-Team
89.4%
ALF
85.4%
All in the Family
82%
Arrested Development
74.6%
Alias
66.7%
The Andy Griffith Show
63.2%
Ally McBeal
62.8%
% Correct
Alcatraz
55.1%
Angel
53.8%
Arrow
46.6%
According to Jim
46.1%
American Horror Story
46.1%
All My Children
22.7%
As the World Turns
20.9%
Almost Human
8.2%

You're not logged in!

Compare scores with friends on all Sporcle quizzes.
Join for Free
OR
Log In

You Might Also Like...

Show Comments

Extras

Top Quizzes Today


Score Distribution

Your Account Isn't Verified!

In order to create a playlist on Sporcle, you need to verify the email address you used during registration. Go to your Sporcle Settings to finish the process.

Report this User

Report this user for behavior that violates our Community Guidelines.

Details: